000 00498nam a2200181Ia 4500
008 090122s9999 xx 000 0 und d
082 _b9251
100 _aआपटे
_bप्रदीप
245 _aज्ञानबोध
260 _bत्रिदल
_c1997
300 _a192
501 _a"कोऱ्हाळकर, भेट"
600 _aआपटे
630 _aज्ञानबोध
700 _aआपटे
730 _aज्ञानबोध
942 _cBOOK
999 _c33328
_d33328